Llibertat sindical i negociació col·lectiva. Peculiaritats del seu exercici en l'estatut del personal funcionari /
ISBN:
9788419091017
Descripción Física:
131 pàgs. ; 24 cm.
Colección:
Estudis de Relacions Laborals
; 15
Idioma:
Catalán
MARC
| LEADER | 00000nam a22000007a 4500 | ||
|---|---|---|---|
| 001 | 26866 | ||
| 003 | Arxiu | ||
| 005 | 20260324181143.0 | ||
| 008 | 221011b spa||||| |||| 00| 0 cat d | ||
| 017 | |a B 18275-2021 | ||
| 020 | |a 9788419091017 | ||
| 040 | |a agdb | ||
| 041 | |a cat | ||
| 100 | |a Mauri Majós, Joan |9 15773 | ||
| 245 | |a Llibertat sindical i negociació col·lectiva. Peculiaritats del seu exercici en l'estatut del personal funcionari / |c Joan Mauri Majós | ||
| 260 | |a Barcelona : |b Diputació de Barcelona ; |c 2021 | ||
| 300 | |a 131 pàgs. ; |c 24 cm. | ||
| 490 | |a Estudis de Relacions Laborals ; |v 15 | ||
| 504 | |a Conté bibliografia | ||
| 650 | 0 | |a Negociacions col·lectives de treball |9 10570 | |
| 650 | 0 | |9 54484 |a Funcionaris |x Sindicats | |
| 942 | |2 udc |c ARXIU |n 1 | ||
| 952 | |0 0 |1 0 |2 udc |4 0 |6 BIB984 |7 1 |9 63980 |a Arxiu |b Arxiu |d 2022-10-11 |l 0 |o Bib-984 |p 26866 |r 2022-10-11 00:00:00 |w 2022-10-11 |y ARXIU | ||
| 999 | |c 82699 |d 82699 | ||